000
00502nam a2200169Ia 4500
008
100917s9999 xx 000 0 und d
082
_b
16926
100
_a
फाटक गणेश कृष्णशास्त्री
245
_a
स्वर्ग सुंदरी
260
_b
---
_c
1931
365
_b
0.75
520
_a
नाटक
630
_a
स्वर्ग सुंदरी
650
_a
नाटक
730
_a
स्वर्ग सुंदरी
942
_c
BOOK
999
_c
622320
_d
622317